Dental iQ. 2020, вып. 2 (54) (Запись № 11270244)

Подробности
000 -МАРКЕР
контрольное поле 00837nam2a2200205 4500
001 - ИДЕНТИФИКАТОР ЗАПИСИ
контрольное поле RU\NLR\PER_A\002289501_000760
005 - ИДЕНТИФИКАТОР ВЕРСИИ
контрольное поле 20250624011018.0
035 ## - ДРУГИЕ СИСТЕМНЫЕ НОМЕРА
Идентификатор записи (NLR Aleph) 012291302
100 ## - ДАННЫЕ ОБЩЕЙ ОБРАБОТКИ
Данные общей обработки 20200710d2020 |||y0rusy50 ca
101 0# - ЯЗЫК РЕСУРСА
Язык текста, звукозаписи и т.д. русский
102 ## - СТРАНА ПУБЛИКАЦИИ ИЛИ ПРОИЗВОДСТВА
Страна публикации Российская Федерация
200 0# - ЗАГЛАВИЕ И СВЕДЕНИЯ ОБ ОТВЕТСТВЕННОСТИ
Основное заглавие 2020, вып. 2 (54)
210 ## - ПУБЛИКАЦИЯ, РАСПРОСТРАНЕНИЕ И ДР.
Дата издания, распространения и т.д. 2020
Место издания, распространения и т.д. Б. м.
461 #0 - УРОВЕНЬ НАБОРА
Встроенное поле 001RU\NLR\INFOCOMM34\5000001335
-- 2001#$aDental iQ$eDental international quarterly$eМеждунар. ежекв. стоматол. журн.$v2020, вып. 2 (54)
Системный номер (АБИС) связанной записи 4119531
Место публикации М.
Дата публикации 2004 -
Имя издателя, распространителя и т.д. Александр Островский и др.
Сведения, относящиеся к заглавию Dental international quarterly : Междунар. ежекв. стоматол. журн.
Заглавие Dental iQ
ISSN 1811-1548
Номер тома 2020, вып. 2 (54)
852 ## - МЕСТОНАХОЖДЕНИЕ И ШИФР ХРАНЕНИЯ
Идентификатор организации NLR
Шифр хранения (Call Number) П17/1088
942 ## - ДОПОЛНИТЕЛЬНЫЕ ЭЛЕМЕНТЫ ЗАПИСИ (АБИС)
Тип экземпляра АБИС Выпуск
980 ## - КОЛЛЕКЦИЯ
Название коллекции Национальная библиография
980 ## - КОЛЛЕКЦИЯ
Название коллекции Русская периодика

Нет доступных экземпляров.